Priame zahraničné investície v Slovenskej republike z hľadiska perspektívneho vstupu do EÚ

Situácia v príleve priamych zahraničných investícií do strednej a východnej Európy (SVE). Situácia v Slovenskej republike a očakávané vplyvy integrácie na investičné toky. Rast celkového objemu investičných tokov. Vzťah priamych zahraničných investícií a obchodu s EÚ. Rast konkurencie a produktivity...

Descrizione completa

Salvato in:
Dettagli Bibliografici
Autore principale: Ferenčíková, Soňa, 1960-
Altri autori: Mogyorosiová, Zuzana, 1975-
Natura: Capitolo di libro
Lingua:slovacco
inglese
Soggetti:
Tags: Aggiungi Tag
Nessun Tag, puoi essere il primo ad aggiungerne!!

MARC

LEADER 00000naa a2200000 4500
001 r046250
005 20240502071341.0
041 0 |a slo 
041 0 |a eng 
044 |a SK 
245 1 0 |a Priame zahraničné investície v Slovenskej republike z hľadiska perspektívneho vstupu do EÚ  |c Soňa Ferenčíková, Zuzana Mogyorosiová 
520 |a Situácia v príleve priamych zahraničných investícií do strednej a východnej Európy (SVE). Situácia v Slovenskej republike a očakávané vplyvy integrácie na investičné toky. Rast celkového objemu investičných tokov. Vzťah priamych zahraničných investícií a obchodu s EÚ. Rast konkurencie a produktivity práce. Investičné motívy. 
610 2 0 |a investície priame zahraničné 
610 2 0 |a obchod zahraničný 
610 2 0 |a konkurencia 
610 2 0 |a produktivita práce 
610 2 0 |a integrácia ekonomická medzinárodná 
610 2 0 |a Slovensko 
610 2 0 |a Európska únia 
610 2 0 |a SVE 
100 1 |a Ferenčíková, Soňa, 1960- 
700 1 |a Mogyorosiová, Zuzana, 1975-